| 000 | 01560cam a2200229 4500 | ||
|---|---|---|---|
| 001 | 8694 | ||
| 005 | 20181127190530.0 | ||
| 008 | 010423s2002 maua b 001 0 eng | ||
| 010 | _a 2001033388 | ||
| 020 | _a0205340768 (alk. paper) | ||
| 082 | 0 | 0 |
_a658.4/5 _221 |
| 100 | 1 | _aShockley-Zalabak, Pamela. | |
| 245 | 1 | 0 |
_aFundamentals of organizational communication : _bknowledge, sensitivity, skills, values / _cPamela Shockley-Zalabak. |
| 246 | 3 | _aOrganizational communication | |
| 250 | _a5th ed. | ||
| 260 |
_aBoston : _bAllyn and Bacon, _cc2002. |
||
| 300 |
_axvi, 496 p. : _bill. ; _c25 cm. |
||
| 504 | _aIncludes bibliographical references and indexes. | ||
| 505 |
_aCONTENTS : oganizational communication: a competency- based approach -- Frameworks for understanding organizational communication -- Theoretical perspectives for organizational communication -- Communication implications of major organizational theories -- Individuals in organizations -- Groups in organizations -- Leadership and management communication -- Participating in organizations: developing critical organizational communication competencies -- Organizational conflict: communicating for effectiveness -- Strategic organizational communication: professional applications of organizational communication -- Applications of organizational communication -- Organizational communication: values and ethical communication behaviors -- Appendix. Putting it all together -- Cases. _g _r _t |
||
| 650 | 0 | _aCommunication in organizations. | |
| 999 |
_c7534 _d7534 |
||